Geography Quiz

Random Geography or State Quiz

Is That the State Capital? Quiz Stats

 Plays Quiz Updated Mar 30, 2018

Also try: US States
Challenge
Share
Tweet
Score 0/50 Timer 05:00
15 Plays Today
% Correct
Honolulu, Hawaii
87.5%
Albany, New York
86.4%
Sacramento, California
86.3%
Providence, Rhode Island
85.5%
Boise, Idaho
85.4%
Santa Fe, New Mexico
85%
Salt Lake City, Utah
85%
Columbus, Ohio
84.5%
Helena, Montana
84.1%
Bismarck, North Dakota
83.9%
Jackson, Mississippi
83.8%
Richmond, Virginia
83.8%
Des Moines, Iowa
83.7%
Olympia, Washington
83.3%
Baton Rouge, Louisiana
83.2%
Boston, Massachusetts
82.8%
Lincoln, Nebraska
82.7%
Pierre, South Dakota
82.6%
Cheyenne, Wyoming
82.4%
Atlanta, Georgia
82.4%
Saint Paul, Minnesota
82.3%
Denver, Colorado
82.3%
Phoenix, Arizona
82.2%
Little Rock, Arkansas
81.8%
Charleston, West Virginia
81.5%
% Correct
Springfield, Illinois
81.2%
Hartford, Connecticut
81.1%
Lansing, Michigan
81%
Austin, Texas
81%
Annapolis, Maryland
80.9%
Frankfort, Kentucky
80.7%
Concord, New Hampshire
80.4%
Harrisburg, Pennsylvania
80.2%
Salem, Oregon
78.7%
Carson City, Nevada
77.1%
Madison, Wisconsin
76.4%
Oklahoma City, Oklahoma
76.3%
Nashville, Tennessee
75.2%
Montpelier, Vermont
74.3%
Tallahassee, Florida
73.8%
Dover, Delaware
73.5%
Augusta, Maine
72.4%
Trenton, New Jersey
72.3%
Jefferson City, Missouri
71.7%
Topeka, Kansas
70.5%
Juneau, Alaska
70.2%
Raleigh, North Carolina
63.4%
Indianapolis, Indiana
49%
Columbia, South Carolina
48.1%
Montgomery, Alabama
38.2%

You're not logged in!

Compare scores with friends on all Sporcle quizzes.
OR
Log In

You Might Also Like...

Show Comments

Extras

Top Quizzes Today


Score Distribution

Your Account Isn't Verified!

In order to create a playlist on Sporcle, you need to verify the email address you used during registration. Go to your Sporcle Settings to finish the process.

Report this User

Report this user for behavior that violates our Community Guidelines.

Details: